000 00370 a2200169 4500
001 170986
020 _a85-16-00678-6
040 _cMagnum
100 _aBorges, Rogerio
240 1 0 _aPássaro contra a vidraça
_lpor
245 1 0 _aPássaro contra a vidraça
300 _a77
362 0 _a1992
440 1 _aModerna
697 _aLITERATURA JUVENIL
942 _cBK
999 _c170986
_d170986